000 00290nam a2200121Ia 4500
008 220216s9999 xx 000 0 und d
100 _aEapen T
245 0 _aSasyaposhaka samrakshanam rubber thottangalil
260 _bRubber
_c2012
300 _a12-Sep
700 _aJoseph M
942 _cJS
999 _c68408
_d68408